| 000 | 00524nam a2200181 4500 | ||
|---|---|---|---|
| 001 | 20874 | ||
| 005 | 20230410105130.0 | ||
| 008 | 060907n2004 dr spa | ||
| 020 | _a0674013840 | ||
| 035 | _9funglode21027 | ||
| 041 | _aEN | ||
| 050 | 1 | 4 | _aD 13 H658n 2004 |
| 100 | _aHimmelfarb, Gertrude | ||
| 245 | 1 | 4 |
_aThe new history and the old : _bcritical essays and reappraisals / _cGertrude Himmelfarb. |
| 260 |
_aCambridge : _bHarvard University Press, _c2004 |
||
| 300 | _aviii, 266 p. | ||
| 942 |
_2lcc _cbk |
||
| 999 |
_c30727 _d30727 |
||